<?xml version="1.0" encoding="UTF-8"?><?xml-stylesheet type="text/xsl" href="static/style.xsl"?><OAI-PMH xmlns="http://www.openarchives.org/OAI/2.0/" xmlns:xsi="http://www.w3.org/2001/XMLSchema-instance" xsi:schemaLocation="http://www.openarchives.org/OAI/2.0/ http://www.openarchives.org/OAI/2.0/OAI-PMH.xsd"><responseDate>2026-04-14T05:34:28Z</responseDate><request verb="GetRecord" identifier="oai:www.recercat.cat:2072/475474" metadataPrefix="marc">https://recercat.cat/oai/request</request><GetRecord><record><header><identifier>oai:recercat.cat:2072/475474</identifier><datestamp>2024-11-08T04:45:11Z</datestamp><setSpec>com_2072_98</setSpec><setSpec>col_2072_378192</setSpec></header><metadata><record xmlns="http://www.loc.gov/MARC21/slim" xmlns:dcterms="http://purl.org/dc/terms/" xmlns:xsi="http://www.w3.org/2001/XMLSchema-instance" xmlns:doc="http://www.lyncode.com/xoai" xsi:schemaLocation="http://www.loc.gov/MARC21/slim http://www.loc.gov/standards/marcxml/schema/MARC21slim.xsd">
   <leader>00925njm 22002777a 4500</leader>
   <datafield ind2=" " ind1=" " tag="042">
      <subfield code="a">dc</subfield>
   </datafield>
   <datafield ind2=" " ind1=" " tag="720">
      <subfield code="a">Maspero, Jorge</subfield>
      <subfield code="e">author</subfield>
   </datafield>
   <datafield ind2=" " ind1=" " tag="720">
      <subfield code="a">Peters, Anju T.</subfield>
      <subfield code="e">author</subfield>
   </datafield>
   <datafield ind2=" " ind1=" " tag="720">
      <subfield code="a">Chapman, Kenneth R.</subfield>
      <subfield code="e">author</subfield>
   </datafield>
   <datafield ind2=" " ind1=" " tag="720">
      <subfield code="a">Domingo, Christian</subfield>
      <subfield code="e">author</subfield>
   </datafield>
   <datafield ind2=" " ind1=" " tag="720">
      <subfield code="a">Stewart, John</subfield>
      <subfield code="e">author</subfield>
   </datafield>
   <datafield ind2=" " ind1=" " tag="720">
      <subfield code="a">Hardin, Megan</subfield>
      <subfield code="e">author</subfield>
   </datafield>
   <datafield ind2=" " ind1=" " tag="720">
      <subfield code="a">Maroni, Jaman</subfield>
      <subfield code="e">author</subfield>
   </datafield>
   <datafield ind2=" " ind1=" " tag="720">
      <subfield code="a">Tawo, Kelsei</subfield>
      <subfield code="e">author</subfield>
   </datafield>
   <datafield ind2=" " ind1=" " tag="720">
      <subfield code="a">Khokhar, Faisal A.</subfield>
      <subfield code="e">author</subfield>
   </datafield>
   <datafield ind2=" " ind1=" " tag="720">
      <subfield code="a">Mortensen, Eric</subfield>
      <subfield code="e">author</subfield>
   </datafield>
   <datafield ind2=" " ind1=" " tag="720">
      <subfield code="a">Laws, Elizabeth</subfield>
      <subfield code="e">author</subfield>
   </datafield>
   <datafield ind2=" " ind1=" " tag="720">
      <subfield code="a">Radwan, Amr</subfield>
      <subfield code="e">author</subfield>
   </datafield>
   <datafield ind2=" " ind1=" " tag="720">
      <subfield code="a">Jacob-Nara, Juby A.</subfield>
      <subfield code="e">author</subfield>
   </datafield>
   <datafield ind2=" " ind1=" " tag="720">
      <subfield code="a">Deniz, Yamo</subfield>
      <subfield code="e">author</subfield>
   </datafield>
   <datafield ind2=" " ind1=" " tag="720">
      <subfield code="a">Rowe, Paul J.</subfield>
      <subfield code="e">author</subfield>
   </datafield>
   <datafield ind2=" " ind1=" " tag="720">
      <subfield code="a">Universitat Autònoma de Barcelona. Departament de Medicina</subfield>
      <subfield code="e">author</subfield>
   </datafield>
   <datafield ind2=" " ind1=" " tag="260">
      <subfield code="c">2024</subfield>
   </datafield>
   <datafield ind2=" " ind1=" " tag="520">
      <subfield code="a">Altres ajuts: Sanofi and Regeneron Pharmaceuticals, Inc (NCT02134028 and NCT03620747)</subfield>
   </datafield>
   <datafield ind2=" " ind1=" " tag="520">
      <subfield code="a">Background: Previous clinical trials have demonstrated dupilumab efficacy and safety in adults and adolescents with moderate to severe asthma for up to 3 years. Objective: The TRAVERSE continuation study (NCT03620747), a single-arm, open-label study, assessed safety and tolerability of dupilumab 300 mg every 2 weeks up to an additional 144 weeks (∼3 years) in patients with moderate to severe asthma who previously completed TRAVERSE (NCT02134028). Methods: Primary end points were incidence and event rates per 100 patient-years of treatment-emergent adverse events (TEAEs). Secondary end points included adverse events (AEs) of special interest, serious AEs, and AEs leading to study discontinuation. Results: A total of 393 patients participated in the TRAVERSE continuation study (cumulative dupilumab exposure, 431.7 patient-years; median treatment duration, 309 days). A total of 29 patients (7.4%) received more than 958 days of treatment. A total of 214 (54.5%) patients reported at least 1 TEAE (event rate: 171.4); 37 (9.4%) experienced at least 1 treatment-related TEAE, none of which were considered severe; 2 patients reported 6 TEAEs of moderate intensity. A total of 22 (5.6%) patients reported serious AEs (event rate: 6.9). AEs of special interest were reported in 24 patients (6.1%; event rate: 6.0). Five (1.3%) deaths occurred (event rate: 1.2) following serious AEs of coronavirus disease 2019 (COVID-19)-related pneumonia (3 patients), pancreatitis (1 patient), and pulmonary embolism (1 patient). None of the TEAEs leading to death were considered treatment-related. Conclusions: Dupilumab treatment was well tolerated for up to an additional 3 years. Safety findings were consistent with the known safety profile of dupilumab. These findings further support the long-term use of dupilumab in patients with moderate to severe asthma.</subfield>
   </datafield>
   <datafield tag="653" ind2=" " ind1=" ">
      <subfield code="a">Asthma control</subfield>
   </datafield>
   <datafield tag="653" ind2=" " ind1=" ">
      <subfield code="a">Moderate to severe</subfield>
   </datafield>
   <datafield tag="653" ind2=" " ind1=" ">
      <subfield code="a">Long-term</subfield>
   </datafield>
   <datafield tag="653" ind2=" " ind1=" ">
      <subfield code="a">Safety</subfield>
   </datafield>
   <datafield tag="653" ind2=" " ind1=" ">
      <subfield code="a">Adverse events</subfield>
   </datafield>
   <datafield tag="653" ind2=" " ind1=" ">
      <subfield code="a">Dupilumab</subfield>
   </datafield>
   <datafield ind2="0" ind1="0" tag="245">
      <subfield code="a">Long-Term Safety of Dupilumab in Patients With Moderate-to-Severe Asthma : TRAVERSE Continuation Study</subfield>
   </datafield>
</record></metadata></record></GetRecord></OAI-PMH>